[Event "Bayern-chI Bank Hofmann 19th"]
[Site "Bad Wiessee"]
[Date "2015.11.04"]
[Round "5"]
[White "Kaiser, Elmar"]
[Black "Schoenberger, Peter"]
[Result "1-0"]
[WhiteElo "2210"]
[BlackElo "2104"]
[PlyCount "95"]
[EventDate "2015.10.31"]
[EventType "swiss"]
[EventRounds "9"]
[EventCountry "GER"]
[SourceTitle "EXT 2017"]
[Source "ChessBase"]
[SourceDate "2016.10.25"]
[SourceVersion "1"]
[SourceVersionDate "2016.10.25"]
[SourceQuality "1"]

1. Nf3 Nf6 2. c4 g6 3. Nc3 Bg7 4. e4 d6 5. d4 0-0 6. Be2 e5 7. d5 a5 8. Bg5 h6 9. Be3 Na6 10. Nd2 Bd7 11. a3 Qe7 12. Rb1 Nh7 13. 0-0 f5 14. f3 f4 15. Bf2 g5 16. b4 axb4 17. axb4 Kh8 18. c5 h5 19. cxd6 cxd6 20. Nc4 Rac8 21. Na4 Rxc4 22. Bxc4 b5 23. Be2 bxa4 24. Bxa6 g4 25. Qe1 gxf3 26. Bh4 Bf6 27. Bxf6+ Rxf6 28. gxf3 Bh3 29. Kh1 Bxf1 30. Qxf1 Qa7 31. b5 Nf8 32. b6 Qb8 33. Qb5 a3 34. Qa4 Rg6 35. Qxa3 Nd7 36. Qb4 Nc5 37. Bc4 Rg7 38. Qb2 Kh7 39. Qf2 Kh6 40. Bf1 Rb7 41. Bh3 Rxb6 42. Rg1 Rb1 43. Bf1 Qd8 44. Qa2 Rb7 45. Bh3 Qf6 46. Qa8 Rb3 47. Bf5 Rxf3 48. Qg8 1-0

[Event "Bayern-chI Bank Hofmann 18th"]
[Site "Bad Wiessee"]
[Date "2014.10.28"]
[Round "5"]
[White "Schoenberger, Peter"]
[Black "Lampert, Jonas"]
[Result "0-1"]
[WhiteElo "2135"]
[BlackElo "2442"]
[PlyCount "116"]
[EventDate "2014.10.25"]
[EventType "swiss"]
[EventRounds "9"]
[EventCountry "GER"]
[SourceTitle "EXT 2015"]
[Source "ChessBase"]
[SourceDate "2014.11.20"]
[SourceVersion "1"]
[SourceVersionDate "2014.11.20"]
[SourceQuality "1"]

1. e4 e5 2. Nf3 Nc6 3. Bb5 g6 4. 0-0 Bg7 5. c3 Nge7 6. d4 exd4 7. Nxd4 Nxd4 8. cxd4 c6 9. Bc4 d5 10. exd5 cxd5 11. Bb3 Nc6 12. Be3 0-0 13. Nc3 Be6 14. Qf3 Nxd4 15. Bxd4 Bxd4 16. Rad1 Qf6 17. Qxf6 Bxf6 18. Nxd5 Bxb2 19. Rb1 Bd4 20. Rfd1 Bc5 21. Nf6+ Kg7 22. Nd7 Bxd7 23. Rxd7 b6 24. Rbd1 a5 25. a4 Rae8 26. Kf1 Re4 27. g3 h5 28. R1d3 Kh6 29. h4 f5 30. Rb7 Re7 31. Rdd7 Rxd7 32. Rxd7 Re8 33. Bd5 g5 34. hxg5+ Kxg5 35. Bf3 Rh8 36. Kg2 Kf6 37. Bd5 h4 38. gxh4 Rxh4 39. Bc6 Rc4 40. f3 Rc2+ 41. Kf1 Be3 42. Bd5 Ke5 43. Ke1 Kf4 44. Rf7 Rc1+ 45. Ke2 Rc2+ 46. Ke1 Rc5 47. Rd7 Ke5 48. Bb3 Rc3 49. Bd1 Kf4 50. Ke2 Ra3 51. Ke1 Ra2 52. Rd5 Rh2 53. Rd7 Rh1+ 54. Ke2 Rh2+ 55. Ke1 Bc5 56. Be2 Bb4+ 57. Kd1 Ke3 58. Rd3+ Kf2 0-1

[Event "Bayern-chI Bank Hofmann 18th"]
[Site "Bad Wiessee"]
[Date "2014.10.27"]
[Round "4"]
[White "Guttenthaler, Franz"]
[Black "Schoenberger, Peter"]
[Result "0-1"]
[WhiteElo "2252"]
[BlackElo "2135"]
[PlyCount "102"]
[EventDate "2014.10.25"]
[EventType "swiss"]
[EventRounds "9"]
[EventCountry "GER"]
[SourceTitle "EXT 2015"]
[Source "ChessBase"]
[SourceDate "2014.11.20"]
[SourceVersion "1"]
[SourceVersionDate "2014.11.20"]
[SourceQuality "1"]

1. d4 Nf6 2. c4 g6 3. Nc3 Bg7 4. e4 d6 5. Nf3 0-0 6. h3 a5 7. Bg5 h6 8. Be3 Nbd7 9. Be2 e5 10. d5 Qe7 11. g4 Nc5 12. Nd2 Nh7 13. Rg1 Bd7 14. Qc2 Kh8 15. 0-0-0 f5 16. gxf5 gxf5 17. Bxc5 dxc5 18. Kb1 Ng5 19. Rh1 fxe4 20. Ndxe4 Bf5 21. Bd3 Nf3 22. Qe2 Bh7 23. h4 b6 24. Rh3 Nd4 25. Qh5 Qf7 26. Qxf7 Rxf7 27. Rg1 Raf8 28. Kc1 Rf3 29. Rgg3 Rxg3 30. fxg3 Rf3 31. Kd2 h5 32. Bb1 Rf1 33. Bd3 Rg1 34. Ng5 Rg2+ 35. Be2 Bf5 36. Rh1 Bg4 37. Re1 Bh6 38. Kd1 Nxe2 39. Nxe2 Bxg5 40. hxg5 Kg7 41. Kd2 Kg6 42. Ke3 Kxg5 43. Nc3 Rxg3+ 44. Kf2 Rf3+ 45. Kg2 Kf4 46. Nb5 e4 47. Nxc7 Ke5 48. Nb5 Rd3 49. b3 h4 50. d6 Rd2+ 51. Kg1 h3 0-1

[Event "Bayern-chI Bank Hofmann 14th"]
[Site "Bad Wiessee"]
[Date "2010.11.07"]
[Round "9"]
[White "Schoenberger, Peter"]
[Black "Pirrot, Dieter"]
[Result "1-0"]
[WhiteElo "2174"]
[BlackElo "2403"]
[PlyCount "51"]
[EventDate "2010.10.30"]
[EventType "swiss"]
[EventRounds "9"]
[EventCountry "GER"]
[SourceTitle "EXT 2011"]
[Source "ChessBase"]
[SourceDate "2010.11.26"]
[SourceVersion "1"]
[SourceVersionDate "2010.11.26"]
[SourceQuality "1"]

1. e4 e6 2. d4 d5 3. Nd2 Nf6 4. e5 Nfd7 5. Bd3 c5 6. c3 Nc6 7. Ne2 cxd4 8. cxd4 f6 9. exf6 Nxf6 10. 0-0 Bd6 11. Nf3 Qc7 12. Bg5 0-0 13. Rc1 h6 14. Bh4 Nh5 15. Bg3 Nxg3 16. hxg3 a6 17. Bb1 g5 18. Re1 Qg7 19. Nc3 g4 20. Ne5 Nxe5 21. dxe5 Bxe5 22. Nxd5 Rd8 23. Rxe5 exd5 24. Qe1 Bd7 25. Re7 Qf6 26. Rc7 1-0

[Event "Staufer op 22nd"]
[Site "Schwaebisch Gmuend"]
[Date "2010.01.04"]
[Round "6"]
[White "Buecker, Stefan"]
[Black "Schoenberger, Peter"]
[Result "1-0"]
[WhiteElo "2345"]
[BlackElo "2157"]
[PlyCount "91"]
[EventDate "2010.01.02"]
[EventType "swiss"]
[EventRounds "9"]
[EventCountry "GER"]
[SourceTitle "CBM 134 Extra"]
[Source "ChessBase"]
[SourceDate "2010.03.03"]
[SourceVersion "1"]
[SourceVersionDate "2010.03.03"]
[SourceQuality "1"]

1. e4 e5 2. Nf3 Nc6 3. Bb5 a6 4. Ba4 Nf6 5. 0-0 Be7 6. Bxc6 dxc6 7. d3 Nd7 8. Nbd2 0-0 9. Nc4 f6 10. Nh4 Rf7 11. Nf5 Bf8 12. f4 Qe8 13. Ng3 b5 14. Na5 exf4 15. Bxf4 Ne5 16. Qd2 c5 17. a3 Nc6 18. Be3 Bd6 19. Bf2 Rb8 20. Nb3 c4 21. Nc1 cxd3 22. cxd3 a5 23. Nce2 a4 24. Qc2 Be6 25. Rac1 Na5 26. Nd4 Nb3 27. Rce1 c5 28. Ndf5 Bf8 29. Ne3 Rc8 30. Ne2 Qc6 31. Nf4 Nd4 32. Qd2 Nb3 33. Qe2 Nd4 34. Qh5 Rd7 35. Ned5 Nb3 36. Be3 Rb7 37. Rf3 Qe8 38. Qh4 Kh8 39. Rg3 Bxd5 40. Nxd5 Rc6 41. Rh3 h6 42. Rf1 Qe5 43. Nf4 Qxb2 44. Qh5 Qxa3 45. Ng6+ Kg8 46. Qd5+ 1-0

[Event "Staufer op 22nd"]
[Site "Schwaebisch Gmuend"]
[Date "2010.01.04"]
[Round "7"]
[White "Schoenberger, Peter"]
[Black "Kaplunov, Vadym"]
[Result "1-0"]
[WhiteElo "2157"]
[BlackElo "1931"]
[PlyCount "63"]
[EventDate "2010.01.02"]
[EventType "swiss"]
[EventRounds "9"]
[EventCountry "GER"]
[SourceTitle "CBM 134 Extra"]
[Source "ChessBase"]
[SourceDate "2010.03.03"]
[SourceVersion "1"]
[SourceVersionDate "2010.03.03"]
[SourceQuality "1"]

1. e4 c5 2. c3 Nf6 3. e5 Nd5 4. d4 cxd4 5. cxd4 e6 6. Nc3 Nxc3 7. bxc3 d6 8. Nf3 Nc6 9. Bd3 dxe5 10. dxe5 Qa5 11. 0-0 Nxe5 12. Nxe5 Qxe5 13. Re1 Qa5 14. Rb1 Be7 15. Bb5+ Kf8 16. Qf3 Qxa2 17. Bf4 a5 18. c4 f6 19. Rbd1 Kf7 20. Bd6 Qc2 21. Bxe7 Kxe7 22. Qg3 Kf7 23. Qc7+ Kg6 24. c5 f5 25. Rd3 Kf6 26. Rg3 Rg8 27. Be8 Bd7 28. Bxd7 Qc4 29. Rxe6+ Qxe6 30. Bxe6 Kxe6 31. Re3+ Kf6 32. Qe7+ 1-0

[Event "Staufer op 20th"]
[Site "Schwaebisch Gmuend"]
[Date "2008.01.03"]
[Round "4"]
[White "Gheng, Josef"]
[Black "Schoenberger, Peter"]
[Result "0-1"]
[WhiteElo "2310"]
[BlackElo "2158"]
[PlyCount "120"]
[EventDate "2008.01.02"]
[EventType "swiss"]
[EventRounds "9"]
[EventCountry "GER"]
[SourceTitle "CBM 122 Extra"]
[Source "ChessBase"]
[SourceDate "2008.03.04"]
[SourceVersion "1"]
[SourceVersionDate "2008.03.04"]
[SourceQuality "1"]

1. e4 e5 2. Nf3 Nc6 3. Bb5 a6 4. Ba4 Nf6 5. 0-0 Be7 6. Re1 b5 7. Bb3 0-0 8. h3 d6 9. c3 Na5 10. Bc2 c5 11. d4 Qc7 12. Nbd2 Nc6 13. d5 Nd8 14. a4 Rb8 15. axb5 axb5 16. b4 Nd7 17. Nf1 f6 18. Ng3 g6 19. Be3 Nf7 20. Qe2 Nb6 21. bxc5 dxc5 22. Bd3 Na4 23. Rec1 Bd7 24. Rab1 c4 25. Bc2 Nxc3 26. Qf1 Nxb1 27. Bxb1 Rfc8 28. Nd2 Qa5 29. f4 Qa3 30. Qe1 c3 31. Nf3 b4 32. f5 Bc5 33. fxg6 hxg6 34. Bxc5 Rxc5 35. Ne2 Bb5 36. Ng3 Rbc8 37. Bc2 b3 38. Nh4 Kg7 39. Kh2 Bd7 40. Qe3 bxc2 41. Rxc2 Qa4 42. Rf2 c2 43. Nxg6 Qa6 44. Nxe5 c1Q 45. Nh5+ Kh7 46. Qf3 Nxe5 47. Nxf6+ Qxf6 48. Qxf6 Ng4+ 49. hxg4 Qh6+ 50. Qxh6+ Kxh6 51. Rf7 Bxg4 52. Kg3 Bd1 53. Kf4 Rg8 54. d6 Ba4 55. g4 Rcg5 56. Rc7 Rxg4+ 57. Ke3 Re8 58. Rc4 Bb5 59. Rd4 Bd7 60. Rc4 Kg5 0-1

[Event "Staufer op 20th"]
[Site "Schwaebisch Gmuend"]
[Date "2008.01.03"]
[Round "3"]
[White "Schoenberger, Peter"]
[Black "Jurek, Josef"]
[Result "1-0"]
[WhiteElo "2158"]
[BlackElo "2335"]
[PlyCount "67"]
[EventDate "2008.01.02"]
[EventType "swiss"]
[EventRounds "9"]
[EventCountry "GER"]
[SourceTitle "CBM 122 Extra"]
[Source "ChessBase"]
[SourceDate "2008.03.04"]
[SourceVersion "1"]
[SourceVersionDate "2008.03.04"]
[SourceQuality "1"]

1. e4 c5 2. c3 Nf6 3. e5 Nd5 4. d4 cxd4 5. cxd4 d6 6. Nf3 Nc6 7. Bc4 e6 8. Qe2 Be7 9. 0-0 0-0 10. Nc3 Nxc3 11. bxc3 dxe5 12. dxe5 Qc7 13. Bd3 Rd8 14. Re1 b6 15. Bc2 Bb7 16. Ng5 g6 17. Bf4 Rac8 18. Qg4 Nb4 19. Bb3 h5 20. Qg3 Qxc3 21. Be3 Nd3 22. Nxe6 Nxe1 23. Nxd8 Be4 24. Bxf7+ Kg7 25. Qf4 Rxd8 26. Be6 Nf3+ 27. gxf3 Qxa1+ 28. Kg2 Bxf3+ 29. Qxf3 Rf8 30. Qb7 Rf7 31. Bxf7 Kxf7 32. Qd5+ Ke8 33. e6 Qf6 34. Bh6 1-0

[Event "Bayern-chI Bank Hofmann 11th"]
[Site "Bad Wiessee"]
[Date "2007.11.14"]
[Round "6"]
[White "Koepke, Christian"]
[Black "Schoenberger, Peter"]
[Result "1-0"]
[WhiteElo "2289"]
[BlackElo "2158"]
[PlyCount "25"]
[EventDate "2007.11.10"]
[EventType "swiss"]
[EventRounds "9"]
[EventCountry "GER"]
[SourceTitle "CBM 121 Extra"]
[Source "ChessBase"]
[SourceDate "2008.01.10"]
[SourceVersion "1"]
[SourceVersionDate "2008.01.10"]
[SourceQuality "1"]

1. e4 e5 2. Nf3 Nc6 3. Bb5 a6 4. Ba4 Nf6 5. 0-0 Be7 6. Re1 b5 7. Bb3 0-0 8. c3 d5 9. d4 Nxe4 10. dxe5 Be6 11. Nd4 Qd7 12. Nxe6 fxe6 13. Rxe4 1-0

[Event "Boeblingen op 23rd"]
[Site "Boeblingen"]
[Date "2006.12.29"]
[Round "7"]
[White "Schoenberger, Peter"]
[Black "Figura, Atila Gajo"]
[Result "0-1"]
[WhiteElo "2193"]
[BlackElo "2400"]
[PlyCount "68"]
[EventDate "2006.12.26"]
[EventType "swiss"]
[EventRounds "9"]
[EventCountry "GER"]
[SourceTitle "CBM 116 Extra"]
[Source "ChessBase"]
[SourceDate "2007.03.07"]
[SourceVersion "1"]
[SourceVersionDate "2007.03.07"]
[SourceQuality "1"]

1. e4 c5 2. c3 d5 3. exd5 Qxd5 4. d4 g6 5. dxc5 Qxc5 6. Be3 Qc7 7. Na3 a6 8. Nc4 Nd7 9. a4 Bg7 10. a5 Ngf6 11. Nb6 Nxb6 12. Bxb6 Qd7 13. Nf3 Nd5 14. Bd4 f6 15. Qd2 e5 16. Bc5 Qc6 17. Ba3 Nf4 18. 0-0-0 Bf5 19. Nd4 exd4 20. Qxf4 0-0-0 21. Bd3 dxc3 22. Bxf5+ gxf5 23. Qxf5+ Kb8 24. Qc2 Qb5 25. Rxd8+ Rxd8 26. Qxc3 Qf5 27. Qg3+ Ka8 28. Qxg7 Rc8+ 29. Kd2 Rc2+ 30. Ke3 Qxf2+ 31. Ke4 Qe2+ 32. Kf5 Qe5+ 33. Kg4 Rc4+ 34. Kf3 Rf4+ 0-1

[Event "Bayern-chI Bank Hofmann 10th"]
[Site "Bad Wiessee"]
[Date "2006.11.05"]
[Round "2"]
[White "Eingorn, Vereslav S"]
[Black "Schoenberger, Peter"]
[Result "1-0"]
[WhiteElo "2591"]
[BlackElo "2193"]
[PlyCount "79"]
[EventDate "2006.11.04"]
[EventType "swiss"]
[EventRounds "9"]
[EventCountry "GER"]
[SourceTitle "EXT 2007"]
[Source "ChessBase"]
[SourceDate "2006.11.23"]
[SourceVersion "1"]
[SourceVersionDate "2006.11.23"]
[SourceQuality "1"]

1. d4 Nf6 2. c4 g6 3. g3 Bg7 4. Bg2 0-0 5. Nc3 d6 6. h3 Nc6 7. Bg5 h6 8. Be3 a6 9. Rc1 Bd7 10. Qd2 Kh7 11. d5 Na5 12. Ne4 Nxe4 13. Bxe4 c5 14. h4 h5 15. Nf3 b5 16. b3 bxc4 17. bxc4 Rb8 18. Qd3 Kg8 19. Nd2 Rb2 20. Rc2 Qb6 21. 0-0 f5 22. Bg2 Ba4 23. Rcc1 Qb4 24. a3 Qb8 25. Bg5 Nb3 26. Nxb3 Rxb3 27. Qd2 Kf7 28. Bh6 Rxa3 29. Bxg7 Kxg7 30. e4 f4 31. Rb1 Rb3 32. Rxb3 Qxb3 33. gxf4 Qxc4 34. f5 Qd4 35. Qc1 Bb5 36. Re1 Qf6 37. Re3 Qxh4 38. Rg3 Rf6 39. Rh3 Qg4 40. Rh1 1-0

[Event "Hamburg Junge op"]
[Site "Hamburg"]
[Date "2005.10.07"]
[Round "5"]
[White "Schoenberger, Peter"]
[Black "Mueller, Joerg"]
[Result "1-0"]
[WhiteElo "2199"]
[BlackElo "2011"]
[PlyCount "130"]
[EventDate "2005.10.01"]
[EventType "swiss"]
[EventRounds "9"]
[EventCountry "GER"]
[SourceTitle "CBM 108 Extra"]
[Source "ChessBase"]
[SourceDate "2005.11.04"]
[SourceVersion "1"]
[SourceVersionDate "2005.11.04"]
[SourceQuality "1"]

1. e4 e6 2. d4 d5 3. Nd2 Nf6 4. e5 Nfd7 5. Bd3 b6 6. Ne2 Ba6 7. Bxa6 Nxa6 8. c3 c5 9. 0-0 cxd4 10. cxd4 Nb4 11. Nf3 h6 12. Be3 Be7 13. Qd2 Nc6 14. Ng3 Bb4 15. Qd3 Be7 16. a3 h5 17. Nd2 g6 18. f4 h4 19. Ne2 Bf8 20. Rac1 Ne7 21. Rc2 Nf5 22. Bf2 Rc8 23. Rfc1 Rxc2 24. Rxc2 Be7 25. Qa6 0-0 26. Qxa7 b5 27. Rc7 Nb8 28. Rc2 g5 29. Qc7 Qe8 30. fxg5 b4 31. Qa5 bxa3 32. bxa3 Bxg5 33. Nf3 Bd8 34. Qb4 Nc6 35. Qb3 Na5 36. Qd3 Qa4 37. g4 hxg3 38. Nxg3 Ng7 39. Be3 Be7 40. Rg2 Kh8 41. Bg5 Qxa3 42. Qxa3 Bxa3 43. Bf6 Kh7 44. Bxg7 Kxg7 45. Nh5+ Kh6 46. Nf6 Rb8 47. Rg5 Rb1+ 48. Kg2 Rb2+ 49. Kg3 Rb3 50. Rh5+ Kg6 51. Kg4 Rxf3 52. Kxf3 Nc6 53. Rh4 Bb2 54. Ke3 Bc1+ 55. Kd3 Bg5 56. Rg4 Kf5 57. Rg2 Ne7 58. Ne8 Bh4 59. Nd6+ Kf4 60. Nxf7 Kf3 61. Rg7 Nf5 62. Rg1 Ne7 63. Rh1 Nf5 64. Nd6 Kg4 65. Nxf5 exf5 1-0

[Event "Hamburg Junge op"]
[Site "Hamburg"]
[Date "2005.10.02"]
[Round "2"]
[White "Nijboer, Friso"]
[Black "Schoenberger, Peter"]
[Result "1-0"]
[WhiteElo "2545"]
[BlackElo "2199"]
[PlyCount "101"]
[EventDate "2005.10.01"]
[EventType "swiss"]
[EventRounds "9"]
[EventCountry "GER"]
[SourceTitle "CBM 108 Extra"]
[Source "ChessBase"]
[SourceDate "2005.11.04"]
[SourceVersion "1"]
[SourceVersionDate "2005.11.04"]
[SourceQuality "1"]

1. e4 e5 2. Nf3 Nc6 3. Bb5 a6 4. Ba4 Nf6 5. 0-0 Be7 6. Re1 b5 7. Bb3 0-0 8. d4 Nxd4 9. Nxd4 exd4 10. e5 Ne8 11. Qxd4 Bb7 12. c4 d6 13. Nc3 dxe5 14. Qxd8 Bxd8 15. cxb5 a5 16. Rxe5 Bf6 17. Rc5 Bd4 18. Rc4 Bb6 19. Na4 Nd6 20. Nxb6 cxb6 21. Rf4 Nxb5 22. Be3 Nc7 23. Rg4 Rfe8 24. Rd1 Bc8 25. Rc4 Na6 26. Re4 Be6 27. Bxe6 Rxe6 28. Rxe6 fxe6 29. Bxb6 Nb4 30. Rd8+ Rxd8 31. Bxd8 a4 32. b3 axb3 33. axb3 Nc6 34. Bb6 Kf7 35. Kf1 Ke7 36. Bc5+ Kd7 37. Ke2 Nb8 38. Kd3 Kc6 39. Kc4 Nd7 40. Bd4 g6 41. b4 Kb7 42. b5 Kc7 43. Kd3 Kd6 44. Ke4 e5 45. Be3 Nf6+ 46. Kd3 Kd5 47. Kc3 Ke6 48. Kb4 Nd5+ 49. Ka5 Kd7 50. Ka6 Kc8 51. b6 1-0

[Event "Boeblingen op 21st"]
[Site "Boeblingen"]
[Date "2004.12.29"]
[Round "7"]
[White "Michielsen, Joost"]
[Black "Schoenberger, Peter"]
[Result "1-0"]
[WhiteElo "2249"]
[BlackElo "2173"]
[PlyCount "85"]
[EventDate "2004.12.26"]
[EventType "swiss"]
[EventRounds "9"]
[EventCountry "GER"]
[SourceTitle "CBM 104 Extra"]
[Source "ChessBase"]
[SourceDate "2005.03.01"]
[SourceVersion "1"]
[SourceVersionDate "2005.03.01"]
[SourceQuality "1"]

1. e4 e5 2. Nf3 Nc6 3. Bb5 a6 4. Ba4 Nf6 5. 0-0 Be7 6. Re1 b5 7. Bb3 0-0 8. h3 d6 9. c3 Na5 10. Bc2 c5 11. d4 Qc7 12. Nbd2 Nc6 13. dxc5 dxc5 14. Nf1 Be6 15. Ne3 Rfd8 16. Qe2 Rac8 17. Ng5 Bd7 18. Nd5 Qb7 19. f4 Re8 20. f5 Nb8 21. Nxf6+ Bxf6 22. g4 Bc6 23. Nxh7 Bh4 24. g5 Bxe1 25. Nf6+ Kf8 26. Nxe8 Rxe8 27. Qxe1 Nd7 28. Qh4 Ke7 29. Be3 Kd8 30. g6+ f6 31. Qg4 Kc7 32. h4 Qa8 33. h5 c4 34. Kf2 Rg8 35. h6 gxh6 36. Rh1 a5 37. Rxh6 Qf8 38. Rh7 b4 39. Qe2 Bb5 40. Qd1 bxc3 41. Ba4 c2 42. Rxd7+ Kc8 43. Qd5 1-0